UBT Library

West's Federal practice digest 3d. (Record no. 40639)

000 -LEADER
fixed length control field 00725cam a2200241 a 4500
001 - CONTROL NUMBER
control field 2374235
005 - DATE AND TIME OF LATEST TRANSACTION
control field 20180122040839.0
008 - FIXED-LENGTH DATA ELEMENTS--GENERAL INFORMATION
fixed length control field 840321m19849999mnu 000 0 eng
010 ## - LIBRARY OF CONGRESS CONTROL NUMBER
LC control number 84138051
040 ## - CATALOGING SOURCE
Original cataloging agency DLC
Transcribing agency DLC
Modifying agency DLC
041 ## - LANGUAGE CODE
Language code of text/sound track or separate title eng
043 ## - GEOGRAPHIC AREA CODE
Geographic area code n-us---
080 ## - UNIVERSAL DECIMAL CLASSIFICATION NUMBER
Universal Decimal Classification number 348.7346 JAM
082 00 - DEWEY DECIMAL CLASSIFICATION NUMBER
Classification number 348.7346 JAM
Edition number 19
100 ## - Rafti
Rafti 14
101 ## - Shkurtesa
Shkurtesa JUR
245 00 - TITLE STATEMENT
Title West's Federal practice digest 3d.
590 ## - LOCAL NOTE (RLIN)
Local note LC copies of supplementary pamphlets are shelved with West's federal practice digest 4th (KF127.W48 1989).
590 ## - LOCAL NOTE (RLIN)
Local note LC holdings recorded in Shelflist only.
740 0# - ADDED ENTRY--UNCONTROLLED RELATED/ANALYTICAL TITLE
Uncontrolled related/analytical title West's Federal practice digest 2d.
906 ## - LOCAL DATA ELEMENT F, LDF (RLIN)
a 7
b cbc
c orignew
d 2
e ncip
f 19
g y-gencatlg
942 ## - ADDED ENTRY ELEMENTS (KOHA)
Source of classification or shelving scheme
Item type Books
Holdings
Withdrawn status Lost status Source of classification or shelving scheme Damaged status Not for loan Collection code Permanent location Current location Shelving location Date acquired Total Checkouts Full call number Barcode Date last seen Price effective from Koha item type
          Koleksioni i përgjithshem UBT - Lipjan UBT - Lipjan Koleksioni i përgjithshem 01/22/2018   348.7346 JAM 002-2996031 01/26/2018 01/22/2018 Books
          Koleksioni i përgjithshem UBT - Lipjan UBT - Lipjan Koleksioni i përgjithshem 01/22/2018   348.7346 JAM 002-2996026 01/22/2018 01/22/2018 Books
          Koleksioni i përgjithshem UBT - Lipjan UBT - Lipjan Koleksioni i përgjithshem 01/26/2018   34 JAM 002-2996634 01/26/2018 01/26/2018 Books
UBT Library © 2015-2024. All rights reserved University Education for Business and Technology